Personnages Disney par la lettre A. - Statistiques

Statistiques générales
  • Ce quiz a été pris 129 fois
  • Le résultat moyen est 8 sur 19
Statistiques - réponses
Par images Réponse % Correct
Anna
100%
Ariel
98%
Aurore
96%
Atchoum
95%
Arthur
81%
Arlo
80%
Archimède
65%
Aphrodite
43%
Artémis
38%
Arès
37%
Apollon
33%
Astrid
28%
Angélique
13%
Amphitryon
9%
Abigaëlle
8%
Athénas
5%
l'Armoire
3%
Archidiacre de Notre-Dame
2%
Attila
2%
Aucun quiz correspondant
Distribution des résultats
% des personnes avec chaque résultat
Percentile par nombre de réponses
Votre historique - résultats
Vous n’avez pas pris ce quiz